Państwa Rady Współpracy Zatoki Perskiej - nagła śmierć - Statystyki

Ogólne statystyki
  • Ten quiz został rozwiązany 36 razy
  • Średni wynik to 4 z 6
Answers on the Grid
Answers color-coded by a green-red scale on the quiz's grid according to % correct below.
Arabia Saudyjska
Bahrajn
Irak
Iran
Jemen
Jordania
Katar
Kuwejt
Liban
Oman
Pakistan
Zjednoczone Emiraty Arabskie
 
Statystyki odpowiedzi
Odpowiedź % Poprawnych
Arabia Saudyjska
100%
Bahrajn
67%
Katar
67%
Kuwejt
67%
Oman
33%
Zjednoczone Emiraty Arabskie
33%
Nie znaleziono quizów pasujących do podanych kryteriów
Rozkład punktacji
Procent ludzi z każdym wynikiem
Percentyl według liczby udzielonych odpowiedzi
Twoja historia wyników
Nie rozwiązałeś tego quizu